000 00611nam a2200205Ia 4500
003 IN-BaIIA
008 211028s9999 xx 000 0 eng d
020 _a0-87692-478-10
040 _cIIA Library
080 _a621.391
_bGOW
100 _aGowar, John
_917889
245 0 _aOptical communication systems
_cJohn Gowar
260 _aNew Delhi
_bPrentice-Hall
_c1992
300 _axiv, 577p.
650 _aNASA thesaurus
650 _aOptical communications
_910869
650 _aOptical electronics
_910870
650 _aOptoelectronics
_93202
942 _cBK
999 _c10519
_d10519